000 00216nam a22000857a 4500
008 170527b xxu||||| |||| 00| 0 eng d
100 _93162
_aCBSE
245 _aCommunication English-S.P.
260 _aNew Delhi
_bG.B.P.
_c2010
999 _c6461
_d6461